Správa registratúry

Bibliographic Details
Format: Article
Language:Slovak
ISSN:1335-1796
Subjects:

MARC

LEADER 00000nab a2200000 ar4500
001 vtls008826206
003 SK-MaSNL
005 20260303063026.0
008 060626c2005 xo mr|p|||||||000 b|slo
015 |a SNBRB2006/06 
038 |a SNKBUCL 
040 |a SNKBUCL  |b slo  |e AACR2  |c SNKBUCL 
041 0 |a slo 
044 |a xo  |c SK 
080 |a 37  |2 1997 
245 0 0 |a Správa registratúry 
650 0 7 |a školstvo  |2 snkbucl  |9 19712 
650 0 7 |a registratúrne záznamy  |2 snkbucl  |9 1059623 
773 0 |t Škola  |g Roč. X., č. 6 (2005), s. 45-56  |x 1335-1796 
852 |a SNK  |b KIS3GCP 
958 |a SK 
999 |c 1741421  |d 1743351